|
|
|
|
| LEADER |
00956cam a2200253 7i4500 |
| 001 |
0000012823 |
| 005 |
20010715090000.0 |
| 008 |
981001s1999 nyu c bi 001 0 eng |
| 010 |
# |
# |
|a 98044901
|
| 020 |
0 |
0 |
|a 0816039054 (alk. paper)
|
| 090 |
0 |
0 |
|a HQ 536
|b P934
|
| 100 |
1 |
0 |
|a Presma
|
| 245 |
1 |
0 |
|a Straight talk about today's families
|c Frances Presma and Paula Edelson.
|
| 260 |
0 |
0 |
|a New York, NY:
|b Facts on File,
|c c1999.
|
| 300 |
# |
# |
|a 136 p.;
|c 24 cm..
|
| 504 |
0 |
0 |
|a Includes bibliographical references (p. 129-130) and index
|
| 650 |
0 |
0 |
|a Family --
|x Juvenile literature --
|z United States
|
| 650 |
0 |
0 |
|a Problem families --
|x Juvenile literature --
|z United States
|
| 650 |
0 |
0 |
|a Stress (Psychology) --
|z United States
|
| 650 |
0 |
0 |
|a Family problems
|
| 650 |
0 |
0 |
|a Family
|
| 650 |
0 |
0 |
|a Teenagers --
|x Family relationships --
|x Juvenile literature --
|z United States
|
| 700 |
1 |
1 |
|a Edelson,
|h Paula
|
| 999 |
|
|
|a 1000403232
|b Book
|c Open Shelf
|e KOLEKSI TERBUKA
|